Procesné riadenie v organizáciách

Zásady procesného riadenia. Princípy procesného riadenia. Komponenty procesného riadenia. Procesné modelovanie, procesné mapy. Význam procesného riadenia pre podnik.

Gespeichert in:
Bibliographische Detailangaben
1. Verfasser: Kováčiková, Martina
Format: Buchkapitel
Sprache:Slowakisch
Schlagworte:
Tags: Tag hinzufügen
Keine Tags, Fügen Sie das erste Tag hinzu!

MARC

LEADER 00000nla a2200000 4500
001 0151516
005 20220323104424.8
041 0 |a slo 
044 |a SK 
245 1 0 |a Procesné riadenie v organizáciách  |c Martina Kováčiková 
520 |a Zásady procesného riadenia. Princípy procesného riadenia. Komponenty procesného riadenia. Procesné modelovanie, procesné mapy. Význam procesného riadenia pre podnik. 
610 2 0 |a podnik 
610 2 0 |a riadenie procesné 
610 2 0 |a modelovanie 
610 2 0 |a efektívnosť 
100 1 |a Kováčiková, Martina